000 00444nam a22001457a 4500
005 20180201094421.0
008 180201b xxu||||| |||| 00| 0 eng d
040 _cPK-LaUMT
082 _aPKAC 320.95491
_bKHU-P
100 _aKhurshid Ahmed
245 _aProportional representation and the revival of democratic process in Pakistan/
_cKhurshid Ahmed
260 _aIslamabad:
_bInstitute of policy studies
_c1983
300 _a84
942 _cBK
999 _c102562
_d102562